书目信息 |
| 题名: |
教育的另一种可能
|
|
| 作者: | ;中国青年报冰点周刊 主编 | |
| 分册: | ||
| 出版信息: | 北京 中国人民大学出版社 2017 |
|
| 页数: | 239页 | |
| 开本: | 24cm | |
| 丛书名: | ||
| 单 册: | ||
| 中图分类: | G52-53 | |
| 科图分类: | ||
| 主题词: | 教育研究--中国--文集 | |
| 电子资源: | ||
| ISBN: | 978-7-300-24092-3 | |
| 000 | 01242nam0 2200253 450 | |
| 001 | 4018 | |
| 005 | 20180527212123.41 | |
| 010 | @a978-7-300-24092-3@dCNY45.00 | |
| 100 | @a20170802d2017 em y0chiy50 ea | |
| 101 | 0 | @achi |
| 102 | @aCN@b110000 | |
| 105 | @ay z 000yy | |
| 200 | 1 | @a教育的另一种可能@9jiao yu de ling yi zhong ke neng@e中国青年报冰点周刊教育特稿精选2@f中国青年报冰点周刊主编 |
| 210 | @a北京@c中国人民大学出版社@d2017 | |
| 215 | @a239页@d24cm | |
| 300 | @a源创图书 | |
| 330 | @a本书为中国青年报冰点周刊教育特稿的精选集,主要从应试教育、另类家长、其他教育问题这几个方面来结撰全书,力图展现在应试教育大背景下,教师和家长如何选择适合孩子的教育方式,从而探讨应试教育的利弊以及大环境下如何做教育。本册收录了《郑渊洁教子》、《拒绝当一个标准产品》、《对抗语文》、《下乡养儿记》等文章。 | |
| 517 | 1 | @a中国青年报冰点周刊教育特稿精选@9zhong guo qing nian bao bing dian zhou kan jiao yu te gao jing xuan |
| 517 | 1 | @a中国青年报冰点周刊教育特稿精选2@Azhong guo qing nian bao bing dian zhou kan jiao yu te gao jing xuan 2 |
| 606 | 0 | @a教育研究@y中国@j文集 |
| 690 | @aG52-53@v5 | |
| 711 | 02 | @a中国青年报冰点周刊@9zhong guo qing nian bao bing dian zhou kan@4主编 |
| 801 | 0 | @aCN@b91MARC@c20170802 |
| 905 | @aMuseLib@dG4-53@e200:2 | |
| 教育的另一种可能:中国青年报冰点周刊教育特稿精选2/中国青年报冰点周刊主编.-北京:中国人民大学出版社,2017 |
| 239页;24cm |
| 源创图书 |
| ISBN 978-7-300-24092-3:CNY45.00 |
| 本书为中国青年报冰点周刊教育特稿的精选集,主要从应试教育、另类家长、其他教育问题这几个方面来结撰全书,力图展现在应试教育大背景下,教师和家长如何选择适合孩子的教育方式,从而探讨应试教育的利弊以及大环境下如何做教育。本册收录了《郑渊洁教子》、《拒绝当一个标准产品》、《对抗语文》、《下乡养儿记》等文章。 |
| ● |
| 相关链接 |
|
|
|
|
正题名:教育的另一种可能
索取号:G4-53/200:2
 
预约/预借
| 序号 | 登录号 | 条形码 | 馆藏地/架位号 | 状态 | 备注 |
| 1 | 1111566 | 211115666 | 第四借阅区/ [索取号:G4-53/200:2] | 在馆 | |
| 2 | 1111567 | 211115675 | 教育系资料室/ [索取号:G4-53/200:2] | 在馆 | |
| 3 | 1111568 | 211115684 | 教育系资料室/ [索取号:G4-53/200:2] | 在馆 | |
| 4 | 1111569 | 211115693 | 第四借阅区/ [索取号:G4-53/200:2] | 在馆 | |
| 5 | 995140 | 209951408 | 第一样本阅览室/ [索取号:G4-53/200:2] | 在馆 | |
| 6 | 995141 | 209951417 | 密集书库-史法系/ [索取号:G4-53/200:2] | 在馆 | |
| 7 | 995142 | 209951426 | 第四借阅区/ [索取号:G4-53/200:2] | 在馆 | |
| 8 | 995143 | 209951435 | 第四借阅区/ [索取号:G4-53/200:2] | 在馆 | |
| 9 | 995144 | 209951444 | 第四借阅区/ [索取号:G4-53/200:2] | 在馆 | |
| 10 | 995145 | 209951453 | 第四借阅区/ [索取号:G4-53/200:2] | 在馆 |